书目信息 |
| 题名: |
智能交通系统规划设计及案例
|
|
| 作者: | 李瑞敏 , 邱红桐 编著 | |
| 分册: | ||
| 出版信息: | 北京 中国建筑工业出版社 2016.03 |
|
| 页数: | 199页 | |
| 开本: | 26cm | |
| 丛书名: | 城市交通拥堵对策系列 | |
| 单 册: | ||
| 中图分类: | U495 | |
| 科图分类: | ||
| 主题词: | 交通运输管理--jiao tong yun shu guan li--智能系统 | |
| 电子资源: | ||
| ISBN: | 978-7-112-18537-5 | |
| 000 | 01280nam 2200301 450 | |
| 001 | CAL 0120161820490 | |
| 005 | 20190305110938.25 | |
| 010 | @a978-7-112-18537-5@dCNY28.00 | |
| 100 | @a20160615d2016 em y0chiy50 ea | |
| 101 | 0 | @achi |
| 102 | @aCN@b110000 | |
| 105 | @aak a 000yy | |
| 200 | 1 | @a智能交通系统规划设计及案例@Azhi neng jiao tong xi tong gui hua she ji ji an li@f李瑞敏, 邱红桐编著 |
| 210 | @a北京@c中国建筑工业出版社@d2016.03 | |
| 215 | @a199页@c图@d26cm | |
| 225 | 2 | @a城市交通拥堵对策系列@Acheng shi jiao tong yong du dui ce xi lie |
| 312 | @a英文题名取自封面 | |
| 314 | @a李瑞敏, 清华大学土木工程系, 副教授, 博士生导师。邱红桐, 公安部交通管理科学研究所, 研究员。 | |
| 320 | @a有书目 | |
| 330 | @a本书在介绍智能交通系统发展状况及体系框架的前提下, 介绍了智能交通系统规划设计的基本思路, 并配以智能交通管理系统领域的规划设计案例。其内容包括: 智能交通系统发展状况 ; 智能交通系统体系框架等。 | |
| 410 | 0 | @12001 @a城市交通拥堵对策系列 |
| 510 | 1 | @aUrban traffic congestion mechanism and countermeasures@zeng |
| 606 | 0 | @a交通运输管理@Ajiao tong yun shu guan li@x智能系统 |
| 690 | @aU495@v5 | |
| 701 | 0 | @a李瑞敏@Ali rui min@4编著 |
| 701 | 0 | @a邱红桐@Aqiu hong tong@4编著 |
| 801 | 0 | @aCN@c20160615 |
| 905 | @a河南城建学院图书馆@dU495@eL244@f3 | |
| 智能交通系统规划设计及案例/李瑞敏, 邱红桐编著.-北京:中国建筑工业出版社,2016.03 |
| 199页:图;26cm.-(城市交通拥堵对策系列) |
| ISBN 978-7-112-18537-5:CNY28.00 |
| 本书在介绍智能交通系统发展状况及体系框架的前提下, 介绍了智能交通系统规划设计的基本思路, 并配以智能交通管理系统领域的规划设计案例。其内容包括: 智能交通系统发展状况 ; 智能交通系统体系框架等。 |
| ● |
| 相关链接 |
|
|
|
正题名:智能交通系统规划设计及案例
索取号:U495/L244
 
预约/预借
| 序号 | 登录号 | 条形码 | 馆藏地/架位号 | 状态 | 备注 |
| 1 | 1278645 | 212786458 | 自科库501/501自科库 58排7列1层/ [索取号:U495/L244] | 在馆 | |
| 2 | 1278646 | 212786467 | 自科库501/501自科库 58排7列1层/ [索取号:U495/L244] | 在馆 | |
| 3 | 1278647 | 212786476 | 土木与交通工程学院资料室/201建筑库 83排2列5层/ [索取号:U495/L244] | 在馆 | |
| 4 | 1305021 | 213050213 | 自科库501/501自科库 58排7列1层/ [索取号:U495/L244] | 在馆 |